00696nam a2200193 a 450000100100000000500170001000800410002704000250006808200150009310000290010824500730013726000800021030000200029049000150031059000270032583000200035295201130037299900170048500004835920201002061109.0190212s1996 dr 000 0 spa d aDO-SdBNPbspacBNPHU axxxbG255u1 aGastedelli, Ivana97577610aPara ser catequista :bcurso de introducción /cIvana Gastaldelli. aSanto Domingo, :bComisión Arquidiocesana de CatequesisbPaulinas,c1996. a98 p. ;c21 cm.1 aBusqueda ; aInventariado, 2019/ YL 0aBusqueda975777 0010718PDaPDbPDcCTd2019-02-12iLF1l0oxxx G255up48359-10r2020-06-25w2020-06-25yLFPDZNo se presta c47847d47847